[Event "Titled Tuesday intern op 01st Aug Late"]
[Site "Chess.com INT"]
[Date "2023.08.01"]
[Round "1"]
[White "Kavri, Yusuf Eren"]
[Black "Winkels, Marcel"]
[Result "1-0"]
[WhiteElo "2021"]
[BlackElo "1920"]
[PlyCount "75"]
[EventDate "2023.08.01"]
[EventType "swiss (blitz)"]
[EventRounds "11"]
[EventCountry "USA"]
[SourceTitle "EXT 2024"]
[Source "ChessBase"]
[SourceDate "2023.10.10"]
[SourceVersion "1"]
[SourceVersionDate "2023.10.10"]
[SourceQuality "1"]

1. c4 g6 2. d4 Bg7 3. Nc3 Nf6 4. e4 0-0 5. h3 c6 6. e5 Ne8 7. Nf3 d6 8. exd6 exd6 9. Bd3 d5 10. cxd5 cxd5 11. 0-0 Nf6 12. Bf4 Nc6 13. Qb3 b6 14. Rac1 Na5 15. Qc2 Bb7 16. Rfe1 Rc8 17. Qd2 Nc4 18. Qe2 Re8 19. Qc2 a6 20. b3 Nd6 21. Rxe8+ Nfxe8 22. Qe2 Nf6 23. Bxa6 Bxa6 24. Qxa6 Nfe4 25. Nxd5 Rxc1+ 26. Bxc1 Nf5 27. Qb7 Ned6 28. Qc6 b5 29. Bf4 h6 30. g4 g5 31. Bh2 Nxd4 32. Nxd4 Bxd4 33. Qxd6 Qc8 34. Ne7+ Kg7 35. Nxc8 Bxf2+ 36. Kxf2 h5 37. Be5+ Kh7 38. Qf6 1-0

[Event "TUR Cup"]
[Site "Denizli"]
[Date "2023.07.21"]
[Round "8"]
[White "Kavri, Yusuf Eren"]
[Black "Salman, Ilhan Serhat"]
[Result "1/2-1/2"]
[WhiteElo "2043"]
[BlackElo "2075"]
[PlyCount "128"]
[EventDate "2023.07.16"]
[EventType "team-tourn"]
[EventRounds "9"]
[EventCountry "TUR"]
[SourceTitle "CBM 215 Extra"]
[Source "ChessBase"]
[SourceDate "2023.09.30"]
[SourceVersion "1"]
[SourceVersionDate "2023.09.30"]
[SourceQuality "1"]

1. d4 Nf6 2. c4 e6 3. Nc3 Bb4 4. Nf3 c5 5. g3 0-0 6. Bg2 cxd4 7. Nxd4 d5 8. cxd5 Nxd5 9. Qb3 Qb6 10. Bxd5 Qxd4 11. Bg2 Bxc3+ 12. bxc3 Qe5 13. Bf4 Qa5 14. 0-0 Nc6 15. Rfd1 e5 16. Be3 Qc7 17. Bc5 Re8 18. Bd6 Qb6 19. Qxb6 axb6 20. a3 Be6 21. Rdb1 Ra6 22. Bc7 Bc4 23. Rxb6 Rxb6 24. Bxb6 Bxe2 25. Bc5 Rd8 26. h3 Rd3 27. Rb1 Rxc3 28. Bxc6 Rxc5 29. Bxb7 Kf8 30. a4 Bd3 31. Rb6 Rc1+ 32. Kh2 Ra1 33. Bc6 Ra2 34. Kg1 Ra1+ 35. Kg2 f5 36. Rb2 Ke7 37. Rd2 Be4+ 38. Bxe4 fxe4 39. Rd5 Rxa4 40. Rxe5+ Kf6 41. Rb5 Ra3 42. Rb6+ Kf5 43. g4+ Ke5 44. Rb5+ Kf6 45. Rf5+ Ke6 46. Rf4 Ra4 47. h4 Ke5 48. Rf5+ Ke6 49. Rg5 g6 50. Kg3 Ra3+ 51. Kf4 Rf3+ 52. Kxe4 Rxf2 53. Re5+ Kd6 54. Ra5 Rh2 55. Ra6+ Kc5 56. h5 gxh5 57. gxh5 Rh4+ 58. Kf3 Kd5 59. Rh6 Ke5 60. Rxh7 Kf5 61. Kg3 Rh1 62. Rh8 Kg5 63. h6 Rxh6 64. Rxh6 Kxh6 1/2-1/2

[Event "TUR Cup"]
[Site "Denizli"]
[Date "2023.07.19"]
[Round "6"]
[White "Kavri, Yusuf Eren"]
[Black "Koksal, Recep"]
[Result "1-0"]
[WhiteElo "2043"]
[BlackElo "1672"]
[PlyCount "51"]
[EventDate "2023.07.16"]
[EventType "team-tourn"]
[EventRounds "9"]
[EventCountry "TUR"]
[SourceTitle "CBM 215 Extra"]
[Source "ChessBase"]
[SourceDate "2023.09.30"]
[SourceVersion "1"]
[SourceVersionDate "2023.09.30"]
[SourceQuality "1"]

1. d4 Nf6 2. c4 c6 3. Nc3 d5 4. Nf3 dxc4 5. a4 Bf5 6. Ne5 Nbd7 7. Nxc4 Qc7 8. g3 e5 9. dxe5 Nxe5 10. Bf4 Nfd7 11. Bg2 g5 12. Ne3 gxf4 13. Nxf5 0-0-0 14. Qc2 h5 15. 0-0-0 Nc4 16. Ne4 Qe5 17. Qxc4 Qxf5 18. h4 Ne5 19. Rxd8+ Kxd8 20. Qd4+ Kc7 21. Bh3 Bc5 22. Nxc5 Qf6 23. gxf4 Nd3+ 24. Qxd3 Qxf4+ 25. Kb1 Rd8 26. Qg3 1-0

[Event "Titled Tuesday intern op 18th Jul Late"]
[Site "Chess.com INT"]
[Date "2023.07.18"]
[Round "2"]
[White "Haydon, David Leslie"]
[Black "Kavri, Yusuf Eren"]
[Result "1/2-1/2"]
[WhiteElo "2230"]
[BlackElo "2043"]
[PlyCount "121"]
[EventDate "2023.07.18"]
[EventType "swiss (blitz)"]
[EventRounds "11"]
[EventCountry "USA"]
[SourceTitle "EXT 2024"]
[Source "ChessBase"]
[SourceDate "2023.10.10"]
[SourceVersion "1"]
[SourceVersionDate "2023.10.10"]
[SourceQuality "1"]

1. d4 Nf6 2. Nc3 d5 3. Bf4 a6 4. e3 b5 5. Nf3 Bb7 6. Ne5 e6 7. Bd3 c5 8. dxc5 Bxc5 9. 0-0 0-0 10. Qf3 Nbd7 11. Qh3 Nxe5 12. Bxe5 h6 13. Rad1 Bd6 14. Bxd6 Qxd6 15. a4 b4 16. Ne2 a5 17. Nd4 Rfc8 18. Nb5 Qe5 19. b3 Ba6 20. Qg3 Nd7 21. f4 Qf6 22. f5 e5 23. e4 d4 24. Rfe1 Nc5 25. Bc4 Nxa4 26. Ra1 Bxb5 27. Bxb5 Nc3 28. Bd3 a4 29. bxa4 Rxa4 30. Rxa4 Nxa4 31. Ra1 Nc5 32. Rb1 Rb8 33. h3 b3 34. cxb3 Rxb3 35. Rxb3 Nxb3 36. Bc4 Nc5 37. Bd5 Qg5 38. Qxe5 Qe3+ 39. Kh2 Nd3 40. Qb8+ Kh7 41. Bxf7 Qf4+ 42. Qxf4 Nxf4 43. e5 d3 44. Bb3 d2 45. g3 Nd5 46. Kg1 Ne3 47. e6 Nxf5 48. g4 Ne7 49. Kf2 Kg6 50. Ke3 Kf6 51. Kxd2 Nc6 52. Ke3 Nd8 53. Kf4 Nxe6+ 54. Bxe6 Kxe6 55. g5 h5 56. Ke4 g6 57. h4 Kd6 58. Kd4 Ke6 59. Ke4 Kd6 60. Kd4 Ke6 61. Ke4 1/2-1/2

[Event "Titled Tuesday intern op 18th Jul Late"]
[Site "Chess.com INT"]
[Date "2023.07.18"]
[Round "3"]
[White "Kavri, Yusuf Eren"]
[Black "Matinian, Nikita"]
[Result "1-0"]
[WhiteElo "2043"]
[BlackElo "2421"]
[PlyCount "117"]
[EventDate "2023.07.18"]
[EventType "swiss (blitz)"]
[EventRounds "11"]
[EventCountry "USA"]
[SourceTitle "EXT 2024"]
[Source "ChessBase"]
[SourceDate "2023.10.10"]
[SourceVersion "1"]
[SourceVersionDate "2023.10.10"]
[SourceQuality "1"]

1. d4 Nf6 2. Nf3 g6 3. Nc3 d5 4. Bf4 Bg7 5. e3 0-0 6. Nb5 Na6 7. Nc3 Nb8 8. Nb5 Na6 9. Nc3 Nh5 10. Be5 f6 11. Bg3 Nxg3 12. hxg3 c6 13. Bxa6 bxa6 14. 0-0 e5 15. Na4 e4 16. Nd2 h5 17. Nc5 f5 18. f4 Rf7 19. Kf2 Bf8 20. a4 Rb8 21. Ndb3 Rh7 22. Rh1 Be7 23. a5 Rb5 24. Qe2 Qf8 25. Rh3 Qf7 26. Rhh1 g5 27. Rh2 h4 28. Rah1 hxg3+ 29. Kxg3 Rxh2 30. Rxh2 gxf4+ 31. exf4 Qg6+ 32. Kf2 Rb8 33. Qh5 Qxh5 34. Rxh5 Bxc5 35. dxc5 d4 36. Nxd4 Rxb2 37. Nxf5 Rxc2+ 38. Ke3 Bxf5 39. Rg5+ Kf7 40. Rxf5+ Ke6 41. Re5+ Kf6 42. g4 Rc4 43. g5+ Kg6 44. Re6+ Kf5 45. Rf6+ Kg4 46. Rxc6 Kf5 47. Rf6+ Kg4 48. Rxa6 Rxc5 49. Rxa7 Rc3+ 50. Kxe4 Rc4+ 51. Ke5 Rxf4 52. g6 Rf5+ 53. Ke6 Kg5 54. g7 Rf6+ 55. Ke7 Rg6 56. Kf8 Kh6 57. g8Q Rf6+ 58. Qf7 Rxf7+ 59. Kxf7 1-0

[Event "Titled Tuesday intern op 18th Jul Late"]
[Site "Chess.com INT"]
[Date "2023.07.18"]
[Round "4"]
[White "Kavri, Yusuf Eren"]
[Black "Meskovs, Nikita"]
[Result "0-1"]
[WhiteElo "2043"]
[BlackElo "2565"]
[PlyCount "75"]
[EventDate "2023.07.18"]
[EventType "swiss (blitz)"]
[EventRounds "11"]
[EventCountry "USA"]
[SourceTitle "EXT 2024"]
[Source "ChessBase"]
[SourceDate "2023.10.10"]
[SourceVersion "1"]
[SourceVersionDate "2023.10.10"]
[SourceQuality "1"]

1. d4 Nf6 2. Nf3 e6 3. Bf4 d5 4. e3 c5 5. c3 Nc6 6. Nbd2 Nh5 7. dxc5 Nxf4 8. exf4 Bxc5 9. Bd3 Qb6 10. 0-0 Qxb2 11. c4 Be7 12. cxd5 exd5 13. Re1 0-0 14. Rc1 Bf6 15. Ng5 g6 16. h4 Qd4 17. Ndf3 Qxf4 18. g3 Qd6 19. h5 Bg4 20. hxg6 Bxg5 21. gxh7+ Kh8 22. Rb1 Nd4 23. Be2 Nxe2+ 24. Qxe2 Bf6 25. Rxb7 d4 26. Qd3 Qd5 27. Rb3 Bxf3 28. Qxf3 Qxf3 29. Rxf3 Bg7 30. Rd3 Rfe8 31. Rb1 Re7 32. a4 Kxh7 33. a5 Rd8 34. Kg2 Rd5 35. a6 Rd6 36. Rb7 Rxb7 37. axb7 Rb6 38. Rxd4 0-1

[Event "Titled Tuesday intern op 11th Jul Early"]
[Site "Chess.com INT"]
[Date "2023.07.11"]
[Round "1"]
[White "Kavri, Yusuf Eren"]
[Black "La Villa Rivas, Marlon Javier"]
[Result "0-1"]
[WhiteElo "2043"]
[BlackElo "2202"]
[PlyCount "86"]
[EventDate "2023.07.11"]
[EventType "swiss (blitz)"]
[EventRounds "11"]
[EventCountry "USA"]
[SourceTitle "EXT 2024"]
[Source "ChessBase"]
[SourceDate "2023.10.10"]
[SourceVersion "1"]
[SourceVersionDate "2023.10.10"]
[SourceQuality "1"]

1. d4 Nf6 2. c4 c5 3. d5 b5 4. cxb5 a6 5. b6 g6 6. Nc3 d6 7. e4 Bg7 8. Nf3 0-0 9. Nd2 Nbd7 10. Be2 Rb8 11. 0-0 Rxb6 12. Qc2 Ne5 13. h3 e6 14. f4 Ned7 15. Nc4 exd5 16. Nxb6 Nxb6 17. exd5 Nfxd5 18. Nxd5 Nxd5 19. Bd2 Bf5 20. Bd3 Bd4+ 21. Kh2 Bd7 22. Be4 Nf6 23. Bd3 Nh5 24. Bc3 Be3 25. f5 Qh4 26. Rf3 Bf4+ 27. Kg1 Ng3 28. Qf2 g5 29. Re1 Bc6 30. Rxf4 gxf4 31. b3 Qg5 32. Ba1 Nxf5 33. Qb2 Nd4 34. Rf1 f3 35. g4 Qe3+ 36. Kh2 Qxd3 37. Qf2 Qe2 38. Bxd4 cxd4 39. Kg3 Qxf2+ 40. Kxf2 Re8 41. Rd1 Re2+ 42. Kf1 Rxa2 43. Rxd4 Bb5+ 0-1

[Event "Titled Tuesday intern op 04th Jul Late"]
[Site "Chess.com INT"]
[Date "2023.07.04"]
[Round "11"]
[White "Kavri, Yusuf Eren"]
[Black "Hambleton, Aman"]
[Result "0-1"]
[WhiteElo "2043"]
[BlackElo "2420"]
[PlyCount "180"]
[EventDate "2023.07.04"]
[EventType "swiss (blitz)"]
[EventRounds "11"]
[EventCountry "USA"]
[SourceTitle "EXT 2024"]
[Source "ChessBase"]
[SourceDate "2023.10.10"]
[SourceVersion "1"]
[SourceVersionDate "2023.10.10"]
[SourceQuality "1"]

1. d4 Nf6 2. c4 e6 3. Nc3 Bb4 4. Qc2 c5 5. dxc5 Qc7 6. Nf3 Bxc5 7. Bg5 Be7 8. e3 a6 9. Be2 d6 10. 0-0 0-0 11. Rfd1 b6 12. Rac1 Bb7 13. b4 Nbd7 14. a3 Rac8 15. Qb3 Qb8 16. h3 h6 17. Bf4 e5 18. Bh2 Qa8 19. Ne1 Rc7 20. f3 Rfc8 21. e4 Nf8 22. Kh1 Bc6 23. Rc2 Bd7 24. Bg1 Qb7 25. Rdc1 Ng6 26. Nd5 Nxd5 27. cxd5 b5 28. Be3 Bg5 29. Rxc7 Rxc7 30. Rxc7 Qxc7 31. Bxg5 hxg5 32. Qc2 Qb6 33. Bf1 Nf4 34. Qd2 f6 35. Kh2 Kf7 36. g3 Ng6 37. Be2 Ke7 38. Bf1 Nh8 39. Nc2 Nf7 40. Qe3 Qc7 41. Qd2 Nh6 42. Ne3 g6 43. Bd3 Qb6 44. Kg2 Qd4 45. Qe2 Qc3 46. Qc2 Qxa3 47. Qd2 Nf7 48. Kh2 Nd8 49. Nc2 Qb2 50. Kg2 Nb7 51. h4 gxh4 52. gxh4 Nd8 53. Qh6 Qc3 54. Qe3 Nf7 55. Kf2 f5 56. Ke2 f4 57. Qb6 Qc8 58. Qg1 Kf6 59. Qg2 Qh8 60. Qh2 Ke7 61. Qg1 Qh5 62. Qh2 g5 63. Ne1 gxh4 64. Ng2 h3 65. Ne1 Qg5 66. Kf2 Qh4+ 67. Ke2 Qg3 68. Qh1 h2 69. Kd2 Bh3 70. Bf1 Qg1 71. Bxh3 Qxh1 72. Bg2 Qxg2+ 73. Nxg2 h1Q 74. Nh4 Qxh4 75. Kc3 Qg3 76. Kb2 Qxf3 77. Ka2 Kf6 78. Kb1 Kg5 79. Kb2 Kg4 80. Kc1 Qe3+ 81. Kb2 Kf3 82. Kb1 Kxe4 83. Ka1 Kxd5 84. Ka2 Ke6 85. Kb1 d5 86. Ka1 d4 87. Ka2 e4 88. Kb1 Kd5 89. Ka2 Kc4 90. Kb2 Kxb4 0-1

[Event "Titled Tuesday intern op 04th Jul Late"]
[Site "Chess.com INT"]
[Date "2023.07.04"]
[Round "1"]
[White "Korobov, Anton"]
[Black "Kavri, Yusuf Eren"]
[Result "1-0"]
[WhiteElo "2667"]
[BlackElo "2043"]
[PlyCount "55"]
[EventDate "2023.07.04"]
[EventType "swiss (blitz)"]
[EventRounds "11"]
[EventCountry "USA"]
[SourceTitle "EXT 2024"]
[Source "ChessBase"]
[SourceDate "2023.10.10"]
[SourceVersion "1"]
[SourceVersionDate "2023.10.10"]
[SourceQuality "1"]

1. d4 Nf6 2. c4 e6 3. Nf3 b6 4. a3 Bb7 5. Nc3 d5 6. cxd5 Nxd5 7. Qa4+ Nd7 8. Ne5 Nxc3 9. bxc3 c6 10. Bf4 Nxe5 11. Bxe5 f6 12. Bg3 Bd6 13. e3 0-0 14. Bd3 Qc7 15. Qc2 f5 16. 0-0 Rae8 17. c4 g6 18. c5 Bxg3 19. hxg3 e5 20. Rab1 exd4 21. Qc4+ Rf7 22. cxb6 axb6 23. Qxd4 b5 24. Rfc1 Qd7 25. Qc3 Rfe7 26. a4 Rd8 27. Bc2 Ba6 28. Bb3+ 1-0

[Event "Titled Tuesday intern op 27th Jun Early"]
[Site "Chess.com INT"]
[Date "2023.06.27"]
[Round "2"]
[White "Kavri, Yusuf Eren"]
[Black "Aketayeva, Dana"]
[Result "1-0"]
[WhiteElo "2043"]
[BlackElo "2130"]
[PlyCount "161"]
[EventDate "2023.06.27"]
[EventType "swiss (blitz)"]
[EventRounds "11"]
[EventCountry "USA"]
[SourceTitle "EXT 2024"]
[Source "ChessBase"]
[SourceDate "2023.10.10"]
[SourceVersion "1"]
[SourceVersionDate "2023.10.10"]
[SourceQuality "1"]

1. d4 Nf6 2. c4 e6 3. Nc3 Bb4 4. Qc2 d5 5. Bg5 h6 6. Bxf6 Qxf6 7. Nf3 0-0 8. e3 c5 9. dxc5 Bxc3+ 10. Qxc3 Qxc3+ 11. bxc3 Na6 12. cxd5 exd5 13. Rd1 Be6 14. c6 Nc5 15. cxb7 Nxb7 16. Be2 Rac8 17. Ba6 Rc7 18. 0-0 Nc5 19. Bd3 Na4 20. Nd4 Rxc3 21. Nb5 Rc5 22. Rc1 Rfc8 23. Rxc5 Rxc5 24. f3 Nc3 25. Nd4 Nxa2 26. Kf2 Nb4 27. Be2 a5 28. Ra1 g6 29. Kf1 Bd7 30. Nb3 Rc3 31. Nxa5 Rxe3 32. Nb7 Nc2 33. Rc1 Nd4 34. Ba6 Bb5+ 35. Bxb5 Nxb5 36. Nc5 d4 37. Kf2 Nc3 38. Nb3 Re2+ 39. Kg3 Nb5 40. Rc8+ Kg7 41. Rb8 d3 42. Rxb5 Rb2 43. Nd4 Rxb5 44. Nxb5 Kf6 45. Kf4 g5+ 46. Ke3 d2 47. Kxd2 Ke5 48. Ke3 f5 49. g3 f4+ 50. gxf4+ gxf4+ 51. Kd3 Kd5 52. Nc3+ Ke5 53. Ne2 Kf5 54. Kd4 Kg5 55. Ke5 Kh4 56. Nxf4 Kg5 57. Ng2 h5 58. h4+ Kg6 59. Ke6 Kg7 60. Kf5 Kh6 61. Kf6 Kh7 62. Kg5 Kg7 63. Kxh5 Kh7 64. Kg5 Kg7 65. h5 Kh7 66. f4 Kg7 67. f5 Kh7 68. Nf4 Kg7 69. h6+ Kh7 70. Kh5 Kg8 71. Kg6 Kh8 72. f6 Kg8 73. h7+ Kh8 74. Kf7 Kxh7 75. Ke7 Kh8 76. f7 Kh7 77. Nd3 Kg6 78. f8Q Kh7 79. Qf5+ Kh8 80. Qg5 Kh7 81. Kf7 1-0

[Event "Titled Tuesday intern op 27th Jun Late"]
[Site "Chess.com INT"]
[Date "2023.06.27"]
[Round "6"]
[White "Kavri, Yusuf Eren"]
[Black "Glavina, Pablo"]
[Result "1-0"]
[WhiteElo "2043"]
[BlackElo "2415"]
[PlyCount "59"]
[EventDate "2023.06.27"]
[EventType "swiss (blitz)"]
[EventRounds "11"]
[EventCountry "USA"]
[SourceTitle "EXT 2024"]
[Source "ChessBase"]
[SourceDate "2023.10.10"]
[SourceVersion "1"]
[SourceVersionDate "2023.10.10"]
[SourceQuality "1"]

1. d4 Nf6 2. c4 e6 3. Nc3 Bb4 4. Nf3 0-0 5. Bg5 h6 6. Bh4 c5 7. Rc1 cxd4 8. Nxd4 d5 9. cxd5 g5 10. Bg3 Nxd5 11. e3 Qa5 12. Qd2 Nc6 13. Bd3 Nxd4 14. exd4 Be7 15. 0-0 Bf6 16. Be5 Bxe5 17. dxe5 Nf4 18. Rfe1 Rd8 19. Re3 b5 20. b4 Qb6 21. Ne4 Bb7 22. Nd6 Nxg2 23. Rg3 Nh4 24. Rxg5+ Kf8 25. Qf4 Nf3+ 26. Kf1 Nxg5 27. h4 Rxd6 28. exd6 e5 29. Qf6 Ke8 30. Qe7# 1-0

[Event "Titled Tuesday intern op 27th Jun Early"]
[Site "Chess.com INT"]
[Date "2023.06.27"]
[Round "3"]
[White "Kavri, Yusuf Eren"]
[Black "Liyanage, Ranindu Dilshan"]
[Result "1-0"]
[WhiteElo "2043"]
[BlackElo "2361"]
[PlyCount "105"]
[EventDate "2023.06.27"]
[EventType "swiss (blitz)"]
[EventRounds "11"]
[EventCountry "USA"]
[SourceTitle "EXT 2024"]
[Source "ChessBase"]
[SourceDate "2023.10.10"]
[SourceVersion "1"]
[SourceVersionDate "2023.10.10"]
[SourceQuality "1"]

1. d4 d5 2. c4 e6 3. Nc3 Nf6 4. Bg5 Be7 5. e3 Nbd7 6. Nf3 0-0 7. cxd5 exd5 8. Bd3 h6 9. Bh4 c6 10. 0-0 a5 11. Qc2 Re8 12. Rab1 b5 13. Ne2 Qb6 14. a4 b4 15. Nc1 c5 16. Bb5 Ra7 17. dxc5 Qxc5 18. Qxc5 Bxc5 19. Nb3 Bb6 20. Nbd4 Rc7 21. Bxf6 gxf6 22. Rbc1 Bc5 23. Nb3 Rd8 24. Bxd7 Bxd7 25. Rxc5 Rb7 26. Rxd5 Rc8 27. Nc5 Bc6 28. Rd6 Rbc7 29. Nd3 Bxa4 30. h4 Bb5 31. Ra1 a4 32. Nxb4 Rc1+ 33. Rxc1 Rxc1+ 34. Kh2 Rb1 35. Rd2 Bc4 36. Nd4 h5 37. Nbc6 Kg7 38. Ne7 Ba2 39. Nef5+ Kg6 40. Ne7+ Kg7 41. Kg3 Rf1 42. Kf4 Bb1 43. Nef5+ Kg6 44. f3 Rc1 45. Ng3 Rc4 46. e4 Rc1 47. Ndf5 Ba2 48. Rd8 Rc2 49. Rg8+ Kh7 50. Rg7+ Kh8 51. Nxh5 Be6 52. Nxf6 Bxf5 53. Rg8# 1-0

[Event "Titled Tuesday intern op 27th Jun Late"]
[Site "Chess.com INT"]
[Date "2023.06.27"]
[Round "4"]
[White "Kavri, Yusuf Eren"]
[Black "Md Abu, Hanif"]
[Result "0-1"]
[WhiteElo "2043"]
[BlackElo "2073"]
[PlyCount "32"]
[EventDate "2023.06.27"]
[EventType "swiss (blitz)"]
[EventRounds "11"]
[EventCountry "USA"]
[SourceTitle "EXT 2024"]
[Source "ChessBase"]
[SourceDate "2023.10.10"]
[SourceVersion "1"]
[SourceVersionDate "2023.10.10"]
[SourceQuality "1"]

1. d4 Nf6 2. c4 e6 3. Nc3 Bb4 4. Qc2 0-0 5. e4 d5 6. e5 Ne4 7. Bd3 c5 8. Nge2 cxd4 9. Nxd4 Nxc3 10. bxc3 dxc4 11. Bxh7+ Kh8 12. 0-0 Bxc3 13. Qxc3 Kxh7 14. Qg3 Qxd4 15. Ba3 Rd8 16. Rad1 Qxd1 0-1

[Event "Titled Tuesday intern op 27th Jun Early"]
[Site "Chess.com INT"]
[Date "2023.06.27"]
[Round "5"]
[White "Mahdavi, Reza"]
[Black "Kavri, Yusuf Eren"]
[Result "1-0"]
[WhiteElo "2302"]
[BlackElo "2043"]
[PlyCount "49"]
[EventDate "2023.06.27"]
[EventType "swiss (blitz)"]
[EventRounds "11"]
[EventCountry "USA"]
[SourceTitle "EXT 2024"]
[Source "ChessBase"]
[SourceDate "2023.10.10"]
[SourceVersion "1"]
[SourceVersionDate "2023.10.10"]
[SourceQuality "1"]

1. e4 c5 2. Nf3 Nc6 3. Bb5 g6 4. 0-0 Bg7 5. Re1 Nf6 6. e5 Nd5 7. Nc3 Nc7 8. Bxc6 dxc6 9. Ne4 b6 10. d3 0-0 11. h3 Ne6 12. Be3 Qc7 13. Qd2 Rd8 14. a4 a5 15. Bh6 Bh8 16. Neg5 Nxg5 17. Qxg5 f6 18. Qh4 Bf5 19. Re3 fxe5 20. Rae1 Rd5 21. g4 Bd7 22. c4 Rd4 23. Qxe7 Re8 24. Qh4 Rf4 25. Bxf4 1-0

[Event "Titled Tuesday intern op 27th Jun Late"]
[Site "Chess.com INT"]
[Date "2023.06.27"]
[Round "3"]
[White "Ward, Ieuan C"]
[Black "Kavri, Yusuf Eren"]
[Result "0-1"]
[WhiteElo "2028"]
[BlackElo "2043"]
[PlyCount "58"]
[EventDate "2023.06.27"]
[EventType "swiss (blitz)"]
[EventRounds "11"]
[EventCountry "USA"]
[SourceTitle "EXT 2024"]
[Source "ChessBase"]
[SourceDate "2023.10.10"]
[SourceVersion "1"]
[SourceVersionDate "2023.10.10"]
[SourceQuality "1"]

1. d4 Nf6 2. c4 e6 3. Nf3 b6 4. g3 Ba6 5. b3 Bb4+ 6. Bd2 Be7 7. Bg2 c6 8. 0-0 d5 9. Qc2 0-0 10. cxd5 cxd5 11. Re1 Nbd7 12. Nc3 Rc8 13. Qb2 Bd6 14. Rac1 Qe7 15. Qb1 Ba3 16. Rcd1 Rc7 17. e4 Bb4 18. Qb2 Bxc3 19. Bxc3 Nxe4 20. Rxe4 dxe4 21. Nd2 f5 22. b4 Rfc8 23. Nb1 Bd3 24. Bd2 Nf6 25. Rc1 Nd5 26. Rxc7 Qxc7 27. Na3 f4 28. gxf4 Nxf4 29. Qb3 Qc1+ 0-1

[Event "Titled Tuesday intern op 20th Jun Late"]
[Site "Chess.com INT"]
[Date "2023.06.20"]
[Round "10"]
[White "Kavri, Yusuf Eren"]
[Black "Schnaider, Ilan"]
[Result "0-1"]
[WhiteElo "2043"]
[BlackElo "2224"]
[PlyCount "58"]
[EventDate "2023.06.20"]
[EventType "swiss (blitz)"]
[EventRounds "11"]
[EventCountry "USA"]
[SourceTitle "EXT 2024"]
[Source "ChessBase"]
[SourceDate "2023.10.10"]
[SourceVersion "1"]
[SourceVersionDate "2023.10.10"]
[SourceQuality "1"]

1. d4 Nf6 2. c4 g6 3. Nc3 d5 4. Bg5 Ne4 5. Bh4 Nxc3 6. bxc3 dxc4 7. e3 b5 8. a4 c6 9. axb5 Qb6 10. Bxc4 Bg7 11. Nf3 cxb5 12. Qb3 Be6 13. Qxb5+ Qxb5 14. Bxb5+ Bd7 15. Bd3 Bc6 16. Ke2 Nd7 17. e4 e6 18. Rhb1 0-0 19. Ra6 Nb6 20. Rba1 f5 21. exf5 exf5 22. Rxa7 Rac8 23. Kd2 Be4 24. Be7 Rfe8 25. Bc5 Nd5 26. Bc4 Bh6+ 27. Kd1 Kh8 28. Bxd5 Bxd5 29. Rd7 Bb3# 0-1

[Event "Titled Tuesday intern op 20th Jun Early"]
[Site "Chess.com INT"]
[Date "2023.06.20"]
[Round "4"]
[White "Kavri, Yusuf Eren"]
[Black "Seemann, Jakub"]
[Result "0-1"]
[WhiteElo "2043"]
[BlackElo "2446"]
[PlyCount "52"]
[EventDate "2023.06.20"]
[EventType "swiss (blitz)"]
[EventRounds "11"]
[EventCountry "USA"]
[SourceTitle "EXT 2024"]
[Source "ChessBase"]
[SourceDate "2023.10.10"]
[SourceVersion "1"]
[SourceVersionDate "2023.10.10"]
[SourceQuality "1"]

1. d4 d5 2. c4 dxc4 3. e3 Nf6 4. Nf3 e6 5. Bxc4 a6 6. a4 c5 7. 0-0 Nc6 8. Qe2 cxd4 9. exd4 Nxd4 10. Nxd4 Qxd4 11. Rd1 Qc5 12. Be3 Qc7 13. a5 Bc5 14. Bg5 Bd7 15. Nc3 Bc6 16. Rac1 0-0 17. Bxf6 gxf6 18. Rd3 f5 19. Rh3 Qf4 20. Rf1 Rad8 21. Qh5 h6 22. Bxe6 Kg7 23. Bxf5 Rd2 24. Rg3+ Kh8 25. Ne2 Qxf2+ 26. Rxf2 Rd1# 0-1

[Event "Titled Tuesday intern op 20th Jun Late"]
[Site "Chess.com INT"]
[Date "2023.06.20"]
[Round "4"]
[White "Palacio, Igor Da Paz"]
[Black "Kavri, Yusuf Eren"]
[Result "0-1"]
[WhiteElo "2172"]
[BlackElo "2043"]
[PlyCount "110"]
[EventDate "2023.06.20"]
[EventType "swiss (blitz)"]
[EventRounds "11"]
[EventCountry "USA"]
[SourceTitle "EXT 2024"]
[Source "ChessBase"]
[SourceDate "2023.10.10"]
[SourceVersion "1"]
[SourceVersionDate "2023.10.10"]
[SourceQuality "1"]

1. e4 c5 2. Nc3 Nc6 3. g3 g6 4. Bg2 Bg7 5. d3 e6 6. Be3 d6 7. f4 Nge7 8. Nf3 0-0 9. 0-0 Rb8 10. a3 b5 11. Rb1 a5 12. Ne2 b4 13. axb4 axb4 14. h3 f5 15. e5 Nd5 16. Bf2 dxe5 17. Bxc5 Rf7 18. fxe5 Nxe5 19. Nxe5 Bxe5 20. Nf4 Nxf4 21. gxf4 Bd4+ 22. Bxd4 Qxd4+ 23. Kh2 Bb7 24. Bxb7 Rbxb7 25. Qe2 Rfe7 26. Qe5 Qxe5 27. fxe5 Rbc7 28. Rf2 Red7 29. Rd1 Rd4 30. Kg3 g5 31. Kf3 Kf7 32. Ke3 Rh4 33. Rf3 Rxc2 34. Rd2 Rxd2 35. Kxd2 h5 36. Ke3 g4 37. hxg4 hxg4 38. Rf1 Rh2 39. Rb1 Kg6 40. Kf4 Rf2+ 41. Ke3 Rf3+ 42. Ke2 Rh3 43. d4 f4 44. Kd2 Kf5 45. Re1 Rh2+ 46. Kd3 Rxb2 47. d5 exd5 48. e6 Rb3+ 49. Kd4 Ra3 50. e7 Ra8 51. e8Q Rxe8 52. Rxe8 g3 53. Kxd5 g2 54. Rf8+ Kg4 55. Ke4 b3 0-1

[Event "TUR-ch U20"]
[Site "Samsun"]
[Date "2023.05.23"]
[Round "7"]
[White "Kavri, Yusuf Eren"]
[Black "Cakmak, Kursat Kagan"]
[Result "1-0"]
[WhiteElo "2029"]
[BlackElo "1498"]
[PlyCount "47"]
[EventDate "2023.05.19"]
[EventType "swiss"]
[EventRounds "9"]
[EventCountry "TUR"]
[SourceTitle "CBM 214 Extra"]
[Source "ChessBase"]
[SourceDate "2023.07.31"]
[SourceVersion "1"]
[SourceVersionDate "2023.07.31"]
[SourceQuality "1"]

1. e4 d6 2. d4 Nf6 3. Nc3 e5 4. Nf3 Nbd7 5. Bc4 Be7 6. 0-0 0-0 7. Re1 a6 8. a4 b6 9. Bg5 Bb7 10. Bxf6 Bxf6 11. Bd5 c6 12. Ba2 exd4 13. Nxd4 Bxd4 14. Qxd4 Qf6 15. Rad1 Qg5 16. Qd2 Qh5 17. Qxd6 Ne5 18. f4 Ng6 19. f5 Nh4 20. Rd3 g5 21. Qf6 Rae8 22. Rg3 h6 23. Bc4 g4 24. Be2 1-0

[Event "TUR-ch U13/18"]
[Site "Antalya"]
[Date "2023.01.25"]
[Round "6"]
[White "Kavri, Yusuf Eren"]
[Black "Gedik, Kerem Bilge"]
[Result "1/2-1/2"]
[WhiteElo "2050"]
[BlackElo "1725"]
[PlyCount "88"]
[EventDate "2023.01.17"]
[EventType "swiss"]
[EventRounds "10"]
[EventCountry "TUR"]
[SourceTitle "EXT 2024"]
[Source "ChessBase"]
[SourceDate "2023.10.10"]
[SourceVersion "1"]
[SourceVersionDate "2023.10.10"]
[SourceQuality "1"]

1. d4 Nf6 2. c4 g6 3. Nc3 Bg7 4. e4 d6 5. h3 0-0 6. Bg5 c5 7. d5 e6 8. Bd3 exd5 9. exd5 Nbd7 10. Nf3 Re8+ 11. Be3 Bh6 12. 0-0 Bxe3 13. fxe3 Qe7 14. e4 Ne5 15. Nxe5 Qxe5 16. Qf3 Kg7 17. Rae1 a6 18. Qf2 Rf8 19. Re3 Nd7 20. Rf3 Qe7 21. Be2 Ne5 22. Rf4 Bd7 23. a4 Rfb8 24. h4 h5 25. Qg3 Bg4 26. Bxg4 hxg4 27. h5 gxh5 28. Nd1 Rh8 29. Ne3 Kg8 30. Rf6 Rh7 31. Qh4 Ng6 32. Qg5 Qxe4 33. Nf5 Re8 34. Rxd6 h4 35. Rd8 h3 36. Rxe8+ Qxe8 37. Qxg4 hxg2 38. Qxg2 Rh5 39. Qg4 Rh8 40. d6 Qe5 41. Ne7+ Kg7 42. Nf5+ Kg8 43. Ne7+ Kg7 44. Nf5+ Kg8 1/2-1/2